00450 2200169 4500001002100000005001700021035002400038084002000062090002000082245005900102260003500161300002000196650002200216850001200238990001000250990002000260YOGYA00000000004466220161124124420.0 0010-081400000044380 aDep 297.2 Lai B aDep 297.2 Lai B aBidang studi akidah dan akhlak jilid 1cLaily, Abu dkk aYogyakartabKota Kembangc1978 a57 hlm,c23 cm. aAkidah dan akhlak aYOPDYOG a675-d aCB-D.11/1978-27